Zušlechťování textilních vláken : výběrová bibliografie /
Uložené v:
| Ďalší autori: | |
|---|---|
| Médium: | Kniha |
| Jazyk: | Czech Slovak |
| Vydané: |
Hradec Králové :
Státní vědecká knihovna,
1963.
|
| Edícia: | Publikace Státní vědecké knihovny v Hradci Králové
|
| Fyzický popis: |
115 strán. |
| Tagy: |
Pridať tag
Žiadne tagy, Buďte prvý kto otaguje tento záznam!
|
Titul je dostupný aj v ... 

MARC
| LEADER | 00000nam a22000002i 4500 | ||
|---|---|---|---|
| 001 | 000677758 | ||
| 005 | 20220302093235.0 | ||
| 008 | 220302s1963 xr e 000 0 cze d | ||
| 020 | |c Kčs 11,00 |q (brožované) | ||
| 040 | |a SVKKK |b slo |c SVKKK |e rda | ||
| 041 | 0 | |a slo | |
| 044 | |a xr |c CZ | ||
| 245 | 0 | 0 | |a Zušlechťování textilních vláken : |b výběrová bibliografie / |c sestavila Miluše Nohejlová a spol. |
| 264 | 1 | |a Hradec Králové : |b Státní vědecká knihovna, |c 1963. | |
| 300 | |a 115 strán. | ||
| 336 | |a text |b txt |2 rdacontent | ||
| 337 | |a bez média |b n |2 rdamedia | ||
| 338 | |a zväzok |b nc |2 rdacarrier | ||
| 490 | 1 | |a Publikace Státní vědecké knihovny v Hradci Králové |v č. 13/63 | |
| 500 | |a Záznam revízie | ||
| 700 | 1 | |a Nohejlová, Miluše |4 com | |
| 830 | 0 | |a Publikace Státní vědecké knihovny v Hradci Králové | |
| 910 | |a svkkk | ||
| 998 | |a BK | ||
| 090 | |g SCKHL |k Sklad Pribinova 3. posch. |a V.38611 |j 334889 |i 2721099990 |s Vyradená | ||
| 090 | |g SCKHL |k Sklad Pribinova 3. posch. |a V0.2895 |j 017723 |i 2720835298 |s Vyradená | ||